000 00296nam a2200133Ia 4500
008 220524s9999 xx 000 0 und d
041 _aeng
082 _a---
100 _aEd. By R.P.Arya
_96100
245 _aRailway Allan and Time Table
260 _b-
650 _aGenral
_96101
906 _a298
999 _c6683
_d6683